=LDR 00000nam 2200000 4500 =001 INLIS000000000049471 =990 ##$$a 21602490 =005 20200302084138 =990 ##$$a 21602491 =035 ##$$a 0010-021700000000263 =990 ##$$a 21602492 =008 200302################g##########0#ind## =990 ##$$a 21602493 =020 ##$$a 978-602-8945-08-0 =990 ##$$a 21602494 =040 ##$$a NBPDMAT =082 ##$$a 297.51 =090 ##$$a 297.51 Rag m =100 ##$$a Raghib As-Sirgani =245 1#$$a Mereka dizalimi tapi disayang nabi : $b potret indah kasih sayang nabi Muhammad kepada kaum duafa /$c Dr. Raghib As-Sirjani; Penerjemah, Umar Mujtahid, Lc; Editor, Abu Afifah, Mutsanna Abdul Qohhar =260 ##$$a Solo :$b Multazam,$c 2013 =300 ##$$a 312 hlm. ; $c 14 x 21 cm =650 #4$$a Akhlak =084 ##$$a 297.51 RAG m =250 ##$$a Cet. 1 =500 ##$$a Judul Asli : Wa khuliqal Insanu Dha'fa =500 ##$$a Biografi : hlm. 310 =504 ##$$a Bibliogrsafi : hlm. 301 - 309 =990 ##$$a 21602490 =990 ##$$a 21602491 =990 ##$$a 21602492 =990 ##$$a 21602493 =990 ##$$a 21602494 =990 ##$$a 3202000939 =990 ##$$a 3202000940 =990 ##$$a 21602493 =990 ##$$a 21602490 =990 ##$$a 21602491 =990 ##$$a 21602492 =990 ##$$a 21602494 =990 ##$$a 3202000939 =990 ##$$a 3202000940 =990 ##$$a 21602492 =990 ##$$a 21602490 =990 ##$$a 21602491 =990 ##$$a 21602493 =990 ##$$a 21602494 =990 ##$$a 3202000939 =990 ##$$a 3202000940 =990 ##$$a 21602491 =990 ##$$a 21602490 =990 ##$$a 21602492 =990 ##$$a 21602493 =990 ##$$a 21602494 =990 ##$$a 3202000939 =990 ##$$a 3202000940 =990 ##$$a 21602494 =990 ##$$a 21602490 =990 ##$$a 21602491 =990 ##$$a 21602492 =990 ##$$a 21602493 =990 ##$$a 21602490 =990 ##$$a 21602491 =990 ##$$a 21602492 =990 ##$$a 21602493 =990 ##$$a 21602494 =990 ##$$a 06850685 =990 ##$$a 06850685 =990 ##$$a 3202000939 =990 ##$$a 21602490 =990 ##$$a 21602491 =990 ##$$a 21602492 =990 ##$$a 21602493 =990 ##$$a 21602494 =990 ##$$a 3202002623 =990 ##$$a 3202000939 =990 ##$$a 21602490 =990 ##$$a 21602491 =990 ##$$a 21602492 =990 ##$$a 21602493 =990 ##$$a 21602494 =990 ##$$a 3202002623 =990 ##$$a 3202000939 =990 ##$$a 21602490 =990 ##$$a 21602491 =990 ##$$a 21602492 =990 ##$$a 21602493 =990 ##$$a 21602494 =990 ##$$a 3202002623 =990 ##$$a 3202000939 =990 ##$$a 21602490 =990 ##$$a 21602491 =990 ##$$a 21602492 =990 ##$$a 21602493 =990 ##$$a 21602494 =990 ##$$a 3202002623 =990 ##$$a 3202000940 =990 ##$$a 21602490 =990 ##$$a 21602491 =990 ##$$a 21602492 =990 ##$$a 21602493 =990 ##$$a 21602494 =990 ##$$a 3202000939